|
|
|
|
| LEADER |
02154nam a2200481 a 4500 |
| 001 |
EBC3050850 |
| 003 |
MiAaPQ |
| 005 |
20200520144314.0 |
| 006 |
m o d | |
| 007 |
cr cn||||||||| |
| 008 |
111115s2011 dcuabd sb i000 0 eng d |
| 010 |
|
|
|z 2011410441
|
| 020 |
|
|
|z 082138788X
|
| 020 |
|
|
|z 9780821387887
|
| 020 |
|
|
|a 9780821387917 (electronic bk.)
|
| 035 |
|
|
|a (MiAaPQ)EBC3050850
|
| 035 |
|
|
|a (Au-PeEL)EBL3050850
|
| 035 |
|
|
|a (CaPaEBR)ebr10506409
|
| 035 |
|
|
|a (OCoLC)759389159
|
| 040 |
|
|
|a MiAaPQ
|c MiAaPQ
|d MiAaPQ
|
| 043 |
|
|
|a a-kz---
|a a-kg---
|a a-ta---
|
| 050 |
|
4 |
|a HC420.3
|b .T73 2011
|
| 082 |
0 |
4 |
|a 382.0958
|2 23
|
| 245 |
0 |
0 |
|a Trade expansion through market connection
|h [electronic resource] :
|b the Central Asian markets of Kazakhstan, Kyrgyz Republic, and Tajikistan.
|
| 260 |
|
|
|a Washington, D.C. :
|b World Bank,
|c c2011.
|
| 300 |
|
|
|a xvi, 75 p. :
|b ill., map.
|
| 490 |
0 |
|
|a World Bank study
|
| 504 |
|
|
|a Includes bibliographical references (p. 73-75).
|
| 505 |
0 |
|
|a Acknowledgments -- Acronyms and Abbreviations -- Executive Summary -- 1. The Need for Central Asian Countries to Diversify Their Trade -- 2. The Constraints Facing Central Asian Leading Cities -- 3. Why Agglomeration is Important: Potential of Leading Cities as Drivers of Diversification -- 4. The "How to" of Expanding Trade in Central Asia -- References.
|
| 533 |
|
|
|a Electronic reproduction. Ann Arbor, MI : ProQuest, 2015. Available via World Wide Web. Access may be limited to ProQuest affiliated libraries.
|
| 650 |
|
0 |
|a Exports
|z Kazakhstan.
|
| 650 |
|
0 |
|a Exports
|z Kyrgyzstan.
|
| 650 |
|
0 |
|a Exports
|z Tajikistan.
|
| 650 |
|
0 |
|a Foreign trade promotion
|z Kazakhstan.
|
| 650 |
|
0 |
|a Foreign trade promotion
|z Kyrgyzstan.
|
| 650 |
|
0 |
|a Foreign trade promotion
|z Tajikistan.
|
| 650 |
|
0 |
|a Diversification in industry
|z Kazakhstan.
|
| 650 |
|
0 |
|a Diversification in industry
|z Kyrgyzstan.
|
| 650 |
|
0 |
|a Diversification in industry
|z Tajikistan.
|
| 655 |
|
4 |
|a Electronic books.
|
| 710 |
2 |
|
|a World Bank.
|
| 710 |
2 |
|
|a ProQuest (Firm)
|
| 856 |
4 |
0 |
|u https://ebookcentral.proquest.com/lib/matrademy/detail.action?docID=3050850
|z Click to View
|